Cardinal and ordinal numbers /

Guardado en:
Autor Principal: Sierpinski, Waclaw, 1882-1969.
Formato: Libro
Idioma:English
Polish
Publicado: Warszawa : PWN, 1965.
Edición:2nd ed., rev. /
Series:Polska Akademia Nauk. Monografie matematyczne ; t. 34
Etiquetas: Agregar Etiqueta
Sin Etiquetas, Sea el primero en etiquetar este registro!
LEADER 00643nam a22001935a 4500
001 MAT.inmabb001479
008 031124s1965####pl############000#0#eng#d
005 20130419125916.0
245 1 0 |a Cardinal and ordinal numbers /  |c Waclaw Sierpinski. 
250 |a 2nd ed., rev. /  |b [translated from Polish by Janina Smólska]. 
260 |a Warszawa :  |b PWN,  |c 1965. 
300 |a 491 p. ;  |c 25 cm. 
440 0 |a Polska Akademia Nauk. Monografie matematyczne ;  |v t. 34 
510 4 |a MR,  |c 33 #2549 
100 1 |a Sierpinski, Waclaw,  |d 1882-1969. 
084 |a 03E10  |2 msc2000 
010 |a  66002202  
041 1 |a eng  |h pol 
859 |h 03  |i Si572c-2  |p A-1790  |b BIB. MATEMATICA